000 01281nam a2200313 i 4500
003 EG-GICUC
005 20260121101726.0
008 260113s2002 ua ||||fr|||| 00| 0 ara d
040 _a EG-GICUC
_bara
_c EG-GICUC
_d EG-GICUC
_erda
041 0 _aara
082 0 4 _221
_a345.6131
_bم ح . ن
092 0 4 _221
099 _aLaw1 07 345.6131 م ح . ن 2002
100 0 _aمحمد عبد الواحد الجميلي
_eمؤلف.
245 1 2 _aالنظام القانوني للمنشورات الإدارية /
_cد محمد عبد الواحد الجميلي.
264 1 _aالمنصورة :
_bكلية الحقوق - جامعة المنصورة،
_c2002.
300 _a192 صفحة؛
_c24 سم.
336 _2rda content
_atext
337 _2rda media
_aComputer
338 _2rda carrier
_aOnline Resource
504 _a189-177 ببليوجرافيا: صفحات.
504 _aيتشمل على إرجاعات ببليوجرافية.
546 _aالنص أغلبه باللغة العربية مع بعض النصوص الفرنسية
650 1 4 _aالمنشورات وتعليمات الإدارة
650 1 4 _aالقانون الإداري
856 4 0 _uhttps://fll.law.cu.edu.eg/fulltext/bks/B07-02036.pdf
905 _a32
942 _2ddc
_cBK
_e21
_n0
999 _c56958
_d56958